| 000 | 00880nam a22002417a 4500 | ||
|---|---|---|---|
| 999 |
_c3080 _d3080 |
||
| 003 | AR-CdUCM | ||
| 008 | 190305b ||||| |||| 00| 0 spa d | ||
| 040 |
_aMUNICIPALIDAD PROVINCIAL DEL CUSCO _cBIBLIOTECA MUNICIPAL DEL CUSCO |
||
| 082 |
_25ed. _a344.07 / _bP43 |
||
| 100 |
_aPeña Cabrera, Raúl _910436 |
||
| 245 |
_aEstudio de derecho penal : _bdelitos contra la vida, el cuerpo y la salud / |
||
| 260 |
_aLima : _bSan Marco, _c1997. |
||
| 300 |
_a373 paginas ; _c21 cm. |
||
| 505 | _aDelitos contra la vida, el cuerpo y la salud -- Homicidio -- Parricidio -- Asesinato -- Homicidio por emoción violenta -- Infanticidio ... | ||
| 650 |
_aDelito _95138 |
||
| 650 |
_aHomicidio _910437 |
||
| 650 |
_aParricidio _910438 |
||
| 650 |
_aAsesinato _910439 |
||
| 650 |
_aInfanticidio _910440 |
||
| 700 |
_aRabanal Palacios, William _910441 |
||
| 942 |
_2ddc _cLIBROS |
||
| 945 | _awnts | ||